<?xml version="1.0" encoding="UTF-8"?>
<record
    xmlns:xsi="http://www.w3.org/2001/XMLSchema-instance"
    xsi:schemaLocation="http://www.loc.gov/MARC21/slim http://www.loc.gov/standards/marcxml/schema/MARC21slim.xsd"
    xmlns="http://www.loc.gov/MARC21/slim">

  <leader>01193    a2200205   4500</leader>
  <controlfield tag="001">63518</controlfield>
  <controlfield tag="005">20260407155933.0</controlfield>
  <controlfield tag="008">260407a1974    arg                 spa d</controlfield>
  <controlfield tag="003">AR-UNSa-BCEJYS</controlfield>
  <datafield tag="040" ind1=" " ind2=" ">
    <subfield code="a">AR-UNSa-BCEJYS</subfield>
    <subfield code="b">spa</subfield>
    <subfield code="c">AR-UNSa-BCEJYS</subfield>
  </datafield>
  <datafield tag="080" ind1=" " ind2=" ">
    <subfield code="a">004.42</subfield>
    <subfield code="x">Programaci&#xF3;n de ordenadores. Programas de ordenador</subfield>
  </datafield>
  <datafield tag="245" ind1="1" ind2="0">
    <subfield code="a">Procesamiento de informaci&#xF3;n</subfield>
  </datafield>
  <datafield tag="264" ind1=" " ind2="1">
    <subfield code="a">Buenos Aires :</subfield>
    <subfield code="b">El Ateneo</subfield>
    <subfield code="c">1974</subfield>
  </datafield>
  <datafield tag="300" ind1=" " ind2=" ">
    <subfield code="a">xiii, 334 p.</subfield>
    <subfield code="c">22 cm.</subfield>
  </datafield>
  <datafield tag="505" ind1=" " ind2=" ">
    <subfield code="a">1. El desarrollo hist&#xF3;rico  del procesamiento de informaci&#xF3;n &#x2013; 2. La tarjeta perforada y el equipo de registro unitario &#x2013; 3. Elementos del pensamiento respecto de la soluci&#xF3;n de problemas: el hombre  y la computadora &#x2013; 4. Representaci&#xF3;n de datos &#x2013; 5. Elementos y funciones &#x2013; 6. El &#x201C;HARDWARE&#x201D; &#x2013; 7. Aritm&#xE9;tica binaria y hexadecimal &#x2013; 8. L&#xF3;gica y redes de conmutaci&#xF3;n &#x2013; 9. Decisiones programadas &#x2013; 10. Archivos: organizaci&#xF3;n y mantenimiento &#x2013; 11. Programaci&#xF3;n &#x2013; 12. Lenguajes de programaci&#xF3;n &#x2013; 13. Tiempo compartido &#x2013; 14. Sistemas empresariales &#x2013; 15. Analistas de sistemas &#x2013;  </subfield>
  </datafield>
  <datafield tag="041" ind1=" " ind2=" ">
    <subfield code="a">spa</subfield>
  </datafield>
  <datafield tag="942" ind1=" " ind2=" ">
    <subfield code="c">BK</subfield>
  </datafield>
  <datafield tag="590" ind1=" " ind2=" ">
    <subfield code="a">niveau_biblio:m niveau_hierar:0</subfield>
  </datafield>
  <datafield tag="100" ind1="1" ind2=" ">
    <subfield code="a">Clark, Frank J.</subfield>
  </datafield>
  <datafield tag="999" ind1=" " ind2=" ">
    <subfield code="c">8203</subfield>
    <subfield code="d">8203</subfield>
  </datafield>
  <datafield tag="952" ind1=" " ind2=" ">
    <subfield code="0">0</subfield>
    <subfield code="1">0</subfield>
    <subfield code="4">0</subfield>
    <subfield code="7">0</subfield>
    <subfield code="a">BCEJYS</subfield>
    <subfield code="b">BCEJYS</subfield>
    <subfield code="c">16</subfield>
    <subfield code="d">2026-04-07</subfield>
    <subfield code="l">0</subfield>
    <subfield code="o">004.42 C592</subfield>
    <subfield code="p">L13275</subfield>
    <subfield code="r">2026-04-07 15:59:33</subfield>
    <subfield code="w">2026-04-07</subfield>
    <subfield code="y">L</subfield>
  </datafield>
</record>
